000 00594nam a22002177i 4500
001 3345
003 OSt
005 20170126082317.0
007 tu
008 161220s1996 xxu||||| |||| 00| 0 d
024 7 _a3344
_2RID
040 _cOSt
084 _a11.352
_a10.332
_2z
100 1 _aCarter, Laurence
245 0 0 _aForeign Direct Investment in Central and Eastern European Infrastructure
260 _aWashington :
_bWorld Bank,
_c1996.
300 _a28 S. ;
_c30cm.
490 _aForeign Investment Advisory Service Occasional Paper
_v7
700 1 _aSader, Frank
700 1 _aHoltedahl, Pernille
942 _cB
999 _c3295
_d3295